| 000 | 00638cam a2200241 4500 | ||
|---|---|---|---|
| 008 | 000000n1999 000 0 eng u | ||
| 020 | _a0419254501 | ||
| 035 | _a(Sirsi) u101144 | ||
| 041 | _aeng | ||
| 050 | _a712.3 | ||
| 110 |
_aDavis Langdon and Everest _91155 |
||
| 245 | _aSpon's landscape and external works price book 2000. | ||
| 250 | _a19th ed. | ||
| 260 |
_aLondon _bE & F N Spon _c1999 |
||
| 300 | _a395p. ; 24cm. | ||
| 350 | _a68.00 | ||
| 650 | _aEXTERNAL WORKS | ||
| 650 | _aLANDSCAPING | ||
| 650 | _aBUILDING PRICE BOOKS | ||
| 690 | _aBUILT ENVIRONMENT-BUILDING COSTS | ||
| 942 | _n0 | ||
| 948 | _c03/09/1998 | ||
| 999 |
_c100017 _d100017 |
||